[Event "HUN-chT2 Szechenyi 1112"]
[Site "Hungary"]
[Date "2011.11.13"]
[Round "3.4"]
[White "Gaber, Jozsef"]
[Black "Bodo, Bence"]
[Result "1/2-1/2"]
[WhiteElo "2068"]
[BlackElo "2113"]
[PlyCount "120"]
[EventDate "2011.09.25"]
[EventType "team-tourn"]
[EventRounds "11"]
[EventCountry "HUN"]
[SourceTitle "EXT 2013"]
[Source "ChessBase"]
[SourceDate "2012.11.22"]
[SourceVersion "1"]
[SourceVersionDate "2012.11.22"]
[SourceQuality "1"]
[WhiteTeam "Zala Volan"]
[BlackTeam "Tapolca"]
[WhiteTeamCountry "HUN"]
[BlackTeamCountry "HUN"]

1. e4 e5 2. Nf3 Nf6 3. Nxe5 d6 4. Nf3 Nxe4 5. d4 d5 6. Bd3 Nc6 7. 0-0 Be7 8. c4 Nf6 9. h3 0-0 10. Nc3 Nb4 11. Be2 dxc4 12. Bxc4 Nbd5 13. Re1 Re8 14. Qb3 c6 15. a4 h6 16. Ne5 Qb6 17. Nxd5 Nxd5 18. Qxb6 axb6 19. Bd2 Be6 20. b3 Red8 21. Nf3 Bf6 22. Rad1 Rd6 23. Bc1 b5 24. axb5 cxb5 25. Bxd5 Bxd5 26. Bf4 Rdd8 27. Re3 Bxf3 28. Rxf3 Bxd4 29. Rfd3 Bf6 30. Rxd8+ Rxd8 31. Rxd8+ Bxd8 32. Bd6 f5 33. Kf1 Kf7 34. Ke2 Ke6 35. Bf8 Bf6 36. Kd3 Kd5 37. f3 h5 38. Bb4 Be5 39. Bf8 Ke6 40. Bb4 g6 41. Be1 Kd5 42. Bf2 Bd6 43. Be3 Bc5 44. Bh6 Ke5 45. Bc1 f4 46. Bd2 Kf5 47. Be1 g5 48. Bd2 g4 49. hxg4+ hxg4 50. Bc1 Bf2 51. Bd2 Bc5 52. Be1 gxf3 53. gxf3 Be3 54. Bc3 Kg5 55. Be1 Kf5 56. Bc3 Bc5 57. Bd2 Ke5 58. Bc3+ Kd5 59. Bd2 Bd6 60. Be1 Bc5 1/2-1/2

[Event "HUN-ch U16"]
[Site "Celldoemoelk"]
[Date "2011.07.02"]
[Round "6"]
[White "Pregun, Balint"]
[Black "Bodo, Bence"]
[Result "1/2-1/2"]
[WhiteElo "1912"]
[BlackElo "2084"]
[PlyCount "111"]
[EventDate "2011.06.27"]
[EventType "swiss"]
[EventRounds "7"]
[EventCountry "HUN"]
[SourceTitle "EXT 2012"]
[Source "ChessBase"]
[SourceDate "2011.11.24"]
[SourceVersion "1"]
[SourceVersionDate "2011.11.24"]
[SourceQuality "1"]

1. e4 e5 2. Nf3 Nf6 3. Nxe5 d6 4. Nf3 Nxe4 5. Nc3 Nxc3 6. dxc3 Be7 7. Bf4 Nc6 8. Qd2 Be6 9. 0-0-0 Qd7 10. Kb1 0-0-0 11. Ng5 Bxg5 12. Bxg5 f6 13. Be3 Kb8 14. f3 Rhe8 15. Bb5 Bxa2+ 16. Ka1 Bf7 17. Rhe1 Re5 18. c4 a6 19. Bxc6 Qxc6 20. b3 Rde8 21. f4 Re4 22. Bf2 Bg6 23. Rxe4 Rxe4 24. Re1 Kc8 25. Kb2 h5 26. g3 Kd7 27. Rxe4 Qxe4 28. Kc3 Ke6 29. h3 Bf5 30. h4 b5 31. cxb5 axb5 32. Qe3 Kd5 33. Qd3+ Qxd3+ 34. cxd3 c5 35. Kd2 Be6 36. Kc3 Kc6 37. b4 Kd5 38. Bg1 Bf5 39. bxc5 dxc5 40. Kd2 b4 41. Bf2 g6 42. Be3 c4 43. dxc4+ Kxc4 44. Kc1 b3 45. Kb2 Be6 46. Bb6 Kd3 47. Bd8 f5 48. Bg5 Ke3 49. Kc3 Kf3 50. Kb2 Kxg3 51. Kc3 Kf3 52. Kb2 Ke2 53. Bf6 g5 54. Bxg5 Kd3 55. Bf6 Ke4 56. Bg5 1/2-1/2

[Event "HUN-chT2 Charousek 1011"]
[Site "Hungary"]
[Date "2011.04.17"]
[Round "9"]
[White "Nagy, Aron"]
[Black "Bodo, Bence"]
[Result "0-1"]
[WhiteElo "1967"]
[BlackElo "2030"]
[PlyCount "120"]
[EventDate "2010.09.12"]
[EventType "team-tourn"]
[EventRounds "11"]
[EventCountry "HUN"]
[SourceTitle "EXT 2012"]
[Source "ChessBase"]
[SourceDate "2011.11.24"]
[SourceVersion "1"]
[SourceVersionDate "2011.11.24"]
[SourceQuality "1"]
[WhiteTeam "Husi"]
[BlackTeam "Tapolca"]
[WhiteTeamCountry "HUN"]
[BlackTeamCountry "HUN"]

1. d4 d5 2. c4 dxc4 3. Nf3 Nf6 4. e3 e6 5. Bxc4 a6 6. 0-0 b5 7. Bb3 Bb7 8. Qe2 Be7 9. a4 b4 10. Nbd2 0-0 11. Nc4 a5 12. Rd1 Nbd7 13. Nce5 Bd6 14. Qb5 Qc8 15. Bd2 c6 16. Qd3 Rd8 17. Nc4 Qb8 18. Rac1 c5 19. Nxd6 Qxd6 20. Be1 Bxf3 21. gxf3 cxd4 22. Qxd4 Qxd4 23. Rxd4 Rdc8 24. Rdd1 Nc5 25. Bc2 b3 26. Bd3 Nxa4 27. Rxc8+ Rxc8 28. Rb1 Rc5 29. Kf1 Nd5 30. Ke2 f5 31. Bd2 Nb4 32. Bxb4 axb4 33. f4 Kf7 34. h3 Kf6 35. h4 h6 36. f3 g6 37. Kd2 g5 38. hxg5+ hxg5 39. fxg5+ Kxg5 40. Ke2 e5 41. Kf2 Kf6 42. Ke2 Rc7 43. Kd2 Rh7 44. Be2 Rh2 45. Ke1 f4 46. exf4 exf4 47. Kd2 Ke5 48. Ke1 Nc5 49. Kd2 Ne6 50. Kd3 Nd4 51. Ra1 Nxe2 52. Re1 Kd5 53. Rxe2 Rh3 54. Rf2 Rg3 55. Ke2 Kd4 56. Kd2 Rh3 57. Ke2 Rh1 58. Rg2 Rb1 59. Rg8 Rxb2+ 60. Kd1 Ke3 0-1

[Event "HUN-chT2 Charousek 1011"]
[Site "Hungary"]
[Date "2011.03.27"]
[Round "7"]
[White "Bodo, Bence"]
[Black "Papp, Nandor"]
[Result "0-1"]
[WhiteElo "2030"]
[BlackElo "2156"]
[PlyCount "96"]
[EventDate "2010.09.12"]
[EventType "team-tourn"]
[EventRounds "11"]
[EventCountry "HUN"]
[SourceTitle "EXT 2012"]
[Source "ChessBase"]
[SourceDate "2011.11.24"]
[SourceVersion "1"]
[SourceVersionDate "2011.11.24"]
[SourceQuality "1"]
[WhiteTeam "Tapolca"]
[BlackTeam "Aquaprofit II"]
[WhiteTeamCountry "HUN"]
[BlackTeamCountry "HUN"]

1. e4 d6 2. d4 Nf6 3. Nc3 c6 4. a4 Qa5 5. Bd2 Qb6 6. Nf3 Bg4 7. a5 Qc7 8. Be2 e5 9. Be3 Nbd7 10. 0-0 Be7 11. Nd2 Bxe2 12. Qxe2 0-0 13. f4 b5 14. Qf3 b4 15. Ne2 c5 16. d5 c4 17. f5 Rab8 18. Rfe1 a6 19. g4 Rfc8 20. g5 Ne8 21. h4 Rb5 22. Qg4 f6 23. Qh5 Bf8 24. Ng3 Rxa5 25. Rxa5 Qxa5 26. Nxc4 Qa2 27. Nd2 Qxb2 28. Ngf1 Qxc2 29. Nh2 Nc5 30. g6 h6 31. Ng4 Rc7 32. Nf3 Nd3 33. Rf1 Nf4 34. Bxf4 exf4 35. Ng5 fxg5 36. hxg5 Qxe4 37. f6 Qd4+ 38. Rf2 gxf6 39. gxh6 Rc1+ 40. Kh2 Qe4 41. Rg2 Qe1 42. Nf2 Qe5 43. Qf3 Rc3 44. Qg4 Rg3 45. Qd7 Rxg2+ 46. Kxg2 Qg5+ 47. Kf1 Qxg6 48. Qe6+ Kh8 0-1